000 00511nam a2200193Ia 4500
005 20260618135855.0
008 131103s9999 xx 000 0 und d
040 _aLoreto College
041 _aEnglish
082 _a234
_bVAG
100 _avagaggini, Cipriano
245 4 _aThe flesh instrument of salvation
_b A theology of the human body
_cCipriano Vagaggini
260 _aAlba
_bNew York
_c1969
300 _a152p.
650 _aSalvation
651 _aChristianity
850 _aLCLIB
942 _cBK
999 _c25674
_d76153